Normal view
MARC view
- الفقه الاسلامي- الشريعة الاسلامية- مذاهب
Entry Topical Term
001 - CONTROL NUMBER
- control field: 52970
003 - CONTROL NUMBER IDENTIFIER
- control field: JO-AjAnu
005 - DATE AND TIME OF LATEST TRANSACTION
- control field: 20230606082713.0
008 - FIXED-LENGTH DATA ELEMENTS
- fixed length control field: 230606|| aca||aabn | a|a d
040 ## - CATALOGING SOURCE
- Original cataloging agency: JO-AjAnu
- Transcribing agency: JO-AjAnu
150 ## - HEADING--TOPICAL TERM
- Topical term or geographic name entry element: الفقه الاسلامي- الشريعة الاسلامية- مذاهب
670 ## - SOURCE DATA FOUND
- Source citation: Work cat.: (JO-AjAnu)27063: حامد،عبد السلام صبحي, author 52969, المدخل الى فقه التشريع الإسلامي